000 00720cam a2200241 a 4500
001 27079
003 BD-RjUL
005 20211209051117.0
008 140324s1954 nyub b 00110 eng d
035 _a(BD-RjUL)27150
040 _dBD-RjUL
_aXNTU
_beng
_cXNTU
041 _aeng
082 0 0 _a325.344095
_220
_bCAR 1954
100 1 _aCady, John F.
_983170
245 1 4 _aThe roots of French imperialism in Eastern Asia /
_cJohn F. Cady.
260 0 _aIthaca, N.Y. :
_bCornell Univ. Press,
_cc1954.
300 _axiv, 322 p. :
_bill. ;
_c24 cm.
504 _aBibliography: p. 297-313.
504 _aIncludes index.
650 0 _aFrench
_zEast Asia.
_983171
651 0 _aFrance
_xColonies
_zAsia.
_983172
942 _2ddc
_cBK
999 _c27079
_d27079